แสดงรายละเอียดบรรณานุกรม
  กลับหน้าหลัก

Brief Record : Get Marc (ISO 2709) : E-mail record : QR code ปิดหน้าต่าง
E-books : เกี่ยวกับ Collections
LEADER 00000nam 2200000uu 4500
008    130916s2556||||th 000 0 tha d
020    ^a9786161115968
041 0  ^atha
060  4 ^aWY100.5 บ223 2556
100 0  ^aบริรักษ์ เจริญศิลป์.
245 00 ^aแนวทางการบันทึกและให้รหัสการวินิจฉัยโรคและหัตถการ =^bAuditor recoding for medical audit./^cผู้เขียน,บริรักษ์ เจริญศิลป์,รุ้งใจ เจริญศิลป์.
246 0  ^aAuditor recoding for medical audit.
250    ^aพิมพ์ครั้งที่ 1
260    ^aนครสวรรค์ : ^bสำนักงานหลักประกันสุขภาพแห่งชาติ เขต 3 นครสวรรค์,^c2556.
300    ^a328 หน้า : ^bภาพประกอบ;^c26 ซม.
650  4 ^aการพยาบาล
650  4 ^aการวินิจฉัยโรค
650  4 ^aบันทึกการพยาบาล
650  4 ^aการให้รหัสหัตถการ
650  4 ^aการให้รหัสการวินิจฉัย
700 0  ^aรุ้งใจ เจริญศิลป์,ผู้เขียน
710 2  ^aนครสวรรค์. เขต3 สำนักงานหลักประกันสุขภาพแห่งชาติ.
999    ^aใช้งานได้ทุกระบบ
รายการนี้ยังไม่มีแท็ก
คุณยังไม่ได้ล็อกอิน คุณสามารถมีกิจกรรมร่วมกับเว็บไซต์ได้ แต่ต้องล็อกอินก่อน ::
  ล็อกอิน
ลำดับที่ ประเภท เลขเรียก สถานที่ สถานะ
1. หนังสือทั่วไป
หนังสือทั่วไป
WY100.5 บ223 2556  
  
หนังสือทั่วไป On Shelf
  ขอยืม
   [แสดง 1/1 รายการ]

รายการใกล้เคียง
    หัวเรื่อง [การพยาบาล]
    หัวเรื่อง [การวินิจฉัยโรค]
    หัวเรื่อง [บันทึกการพยาบาล]

BibComment


ยังไม่เคยถูกคอมเมนท์

คอมเมนท์ทรัพยากรรายการนี้
  คอมเมนท์: แนวทางการบันทึกแ..
Bib 209096

 
 
 

 Union Library Management : ULibM
Copyright 2026. All Rights Reserved.
скачать бесплатно без регистрации порно красивый секс HD Sex Hindi sex

xxx gou

xxxx

bfxxx

xxxwww

Секса Видео

xxxx

Секса Видео

detube

geilexxx

C99 Shell

worms shell

blod xxx video
Ebony Coed Rihanna Rimes Takes A Dick In Her Young Twat priyaa indian fuck anal and pusssy hardcore indian women xxx desi hardcore fucking part 1 bengalixxxcouple